00535nam a2200169Ia 4500008004100000100002200041245005100063245002200114260005900136260000900195300001000204650001800214650001500232856002600247999001900273952007300292170221s9999 xx 000 0 und d aDeborah H. Lester aSocial Media: Changing Advertising Education  cDeborah H. Lester bOnline Journal of Communication and Media Technologies c2012 a2 : 1 xCommunication xMedia Arts uhttp://www.ojcmt.net/ c307321d307321 001040aCLbCLd2017-02-21l0r2017-02-21 00:00:00w2017-02-21yFOJ